000 00999cam a22003017a 4500
003 CHAP
005 20220329141813.0
008 971013s1986 r 00010 d
010 _a74114
011 _a75086
035 _a84646
040 _cCHAP
082 _a333.09469
_bB32
100 0 0 _aBarros, Alfonso de.
_910582
245 0 _aDo latifundésmo a reforma agraria
_b: ocaso de uma freguesia do Baixo Alentejo
260 _aOeiras :
_bInstituto Gulbenkian de Ciencia. Centro de Estudos de Economia Agraria,
_c1986
300 _a636 p.
_b: ilus. ; gráfs.
490 0 _aEstudos
590 _aBATCH-UPD
_b10
_c20130110
_lUCH01
_h0720
590 _aBATCH-UPD
_b10
_c20130110
_lUCH01
_h2357
590 _aCONVERSION
_b10
_c20130109
_lUCH01
_h1340
650 1 4 _aReforma Agraria
_xPortugal.
_995582
650 1 4 _aTierras
_xTenencia
_xPortugal.
_9113192
830 0 _aEstudos
_938572
901 _aBK
942 _cLIBRO
949 _a333.09469 B32
_bBC
_cLIBRO
_d33724000323267
_eLIBRO
_h71197
_i84646
_mD
_si
999 _c74114
_d74114